• 首页
  • 本馆介绍
  • 公告通知
  • 最新文献
  • 馆藏检索
  • 电子资源
  • 读者导购
  • 参考咨询
  • 我的图书馆
  • 登录
  • 详细信息显示
  • 放入我的书架
  • 预约/预借图书
  • 作者相关作品
  • 分类相关作品
  • 丛书相关作品
  • 出版社相关作品

书目信息

  • 表格格式
  • 工作单格式
  • 卡片格式
题名:
中共中央关于完善社会主义市场经济体制若干问题的决定
    
 
作者:
分册:  
出版信息: 北京   人民出版社  2003
页数: 41页
开本: 20cm
丛书名:
单 册:
中图分类: D220
科图分类:
主题词: 中国共产党十六届三中全会(2003)--文件
电子资源:
ISBN: 7-01-004085-0
000 00602nam0 2200181 450
001 0762646187
005 20070718172859.17
010    @a7-01-004085-0@dCNY2.70
100    @a20070705d2003 km y0chiy0120 ea
101 0  @achi
102    @aCN@b110000
200 1  @a中共中央关于完善社会主义市场经济体制若干问题的决定@Azhong gong zhong yang guan yu wan shan she hui zhu yi shi chang jing ji ti zhi ruo gan wen ti de jue ding
210    @a北京@c人民出版社@d2003
215    @a41页@d20cm
606 0  @a中国共产党十六届三中全会(2003)@x文件
690    @aD220@v3
801  0 @aCN@bPFT@c20070718
905    @a10447@dD220@e146
    
    中共中央关于完善社会主义市场经济体制若干问题的决定.-北京:人民出版社,2003
    41页;20cm
    
    
    ISBN 7-01-004085-0:CNY2.70
    
●
相关链接 在E读中查询图书 在五车中查询图书 在当当中查询图书 在豆瓣中查询图书


正题名:中共中央关于完善社会主义市场经济体制若干问题的决定     索取号:D220/146         预约/预借

序号 登录号 条形码 馆藏地/架位号 状态 备注
1 0765443   207654439   第一样本阅览室/ [索取号:D220/146] 在馆    
2 0766836   207668362   密集书库/ [索取号:D220/146] 在馆    
3 0770529   207705296   密集书库/ [索取号:D220/146] 在馆    
唐山师范学院图书馆 欢迎您!
大连网信软件有限公司© 版权所有